000 00414cam a2200181 4500
001 D12979
008 090401t1904 xxu||||| |||| 00| 0 eng d
035 _a(Sirsi) u6966
041 _aeng
100 _aHoldsworth, W.A.
245 4 _aThe law of landlord and tenant
250 _a48th
260 _aLondon
_bGeorge Routledge
_c1904
350 _a0
520 _aShelf 117
942 _n0
948 _c04/03/1997
999 _c86372
_d86372